00294nam a2200109 a 450000500170000000800410001705000210005824500400007926000400011944000150015965000100017420140414132051.0110712s19uu xx 00 eng d aREF 031bCHI V.9 aChildcraft: Holidays and Birthdays. aChicago :bWorld Book, Inc.,c1987. aChildcraft aEarth